000 00853nam a2200253Ia 4500
003 OSt
005 20221005103559.0
006 a|||||r|||| 00| 0
007 ta
008 221004b |||||||| |||| 00| 0 hin d
024 _a29235
037 _cTextual
040 _aCRL
_cCRL
_bhin
041 _2hin
_ahin
082 _aV2:191.N7, 152M0
100 _aघई, यू आर
_9164378
245 0 _aभारतीय विदेश नीति
246 _aBhāratīya videsh nīti
260 _aजालन्धर
_bन्यू एकेडेमिक पब्लिशिंग कम्पनी भारत
_c1991
300 _a597पृ.
_ccm.
700 _a घई, के के
_9164378
942 _hV2:191.N7, 152M0
_cTEXL
_2cc
999 _c1010336
_d1010336